000 00577 a2200229 4500
005 20260129111048.0
008 260128b |||||||| |||| 00| 0 eng d
020 _a9781394223275
_c$ 80.00
040 _aMAIN
082 _a572
_bP888E(5)
100 _aPratt, Charlotte
245 _aEssential biochemistry
250 _a5th
260 _bWiley
_c2024
_aSingapore
300 _axviii, 709
440 _aInternational Adaptation
650 _aBiochemistry
650 _aMolecular Biology
650 _aProtein Function
700 _aCornely, kathleen
942 _cBK
999 _c393759
_d393759